Uruguay World Cup 2014 squad - Statistics

General Stats
  • This quiz has been taken 552 times
    535 since last reset
  • The average score is 13 of 24
Answer Stats
% Correct
FW Luis Suarez Liverpool
98%
FW Edinson Cavani PSG
94%
DF Diego Godin Atlético Madrid
89%
GK Fernando Muslera Galatasaray
85%
FW Diego Forlan Cerezo Osaka
74%
DF Martin Caceres Juventus
69%
MD Cristian Rodriguez Atlético Madrid
61%
MD Alvaro Pereira Sao Paulo
60%
DF Maximiliano Pereira Benfica
60%
DF José Maria Gimenez Atlético Madrid
59%
DF Diego Lugano West Bromwich
54%
MD Gaston Ramirez Southampton
52%
FW Cristian Stuani Espanyol
45%
COACH Oscar Tabarez /
44%
FW Abel Hernandez Palermo
42%
MD Walter Gargano Napoli
41%
MD Egidio Arevalo Rios Morelia
38%
DF Sebastian Coates Nacional
38%
MD Diego Perez Bologna
37%
GK Martin Silva Vasco da Gama
37%
MD Alvaro Gonzalez Lazio Roma
34%
MD Nicolas Lodeiro Botafogo
33%
DF Jorge Fucile FC Porto
31%
GK Rodrigo Munoz Libertad
21%
No matching quizzes found
Score Distribution
Percent of People with Each Score
Percentile by Number Answered
Your Score History
You have not taken this quiz since the last reset